| 000 | 00583nam a2200169 4500 | ||
|---|---|---|---|
| 001 | 113997 | ||
| 003 | ES-MaACL | ||
| 005 | 20230906190043.0 | ||
| 007 | t| | ||
| 008 | 061121s1944 sp r ||||1| spa d | ||
| 245 | 0 | 0 | _aNormas de transcripción y edición de textos y documentos. |
| 260 |
_aMadrid : _bConsejo S. de I.C., _c1944. |
||
| 300 |
_a53 p. ; _c21 cm. |
||
| 500 | _aPrecede al Tit : Consejo Superior de Investigaciones Científicas. Escuela de Estudios Medievales. | ||
| 710 | 2 |
_aEscuela de Estudios Medievales (España) _9170983 |
|
| 852 |
_aES-MaACL _j1849-F-3 _bR.21036 |
||
| 999 |
_c113997 _d113997 |
||